Quo vadis bankopojištění? Co je vlastně bankopojištění?

Pojem bankopoistenie a produkty ponúkané prostredníctvom viacerých partnerov. Špecifické oblasti bankopoistenia. Proces distribúcie poistných produktov v dvoch úlohách. Ďalší vývoj v oblasti bankopoistenia.

Salvato in:
Dettagli Bibliografici
Autore principale: Lhotská, Kateřina
Natura: Capitolo di libro
Lingua:ceco
Soggetti:
Tags: Aggiungi Tag
Nessun Tag, puoi essere il primo ad aggiungerne!!

MARC

LEADER 00000naa a2200000 4500
001 0190019
005 20231211083117.3
041 0 |a cze 
044 |a CZ 
245 1 0 |a Quo vadis bankopojištění? Co je vlastně bankopojištění?  |c Kateřina Lhotská 
520 |a Pojem bankopoistenie a produkty ponúkané prostredníctvom viacerých partnerov. Špecifické oblasti bankopoistenia. Proces distribúcie poistných produktov v dvoch úlohách. Ďalší vývoj v oblasti bankopoistenia. 
610 2 0 |a bankopoisťovne 
610 2 0 |a inštitúcie finančné 
610 2 0 |a bankovníctvo retailové 
610 2 0 |a služby bankové 
610 2 0 |a poradenstvo finančné 
610 2 0 |a poistenie 
610 2 0 |a banky 
100 1 |a Lhotská, Kateřina